| 000 | 00439nam a2200193Ia 4500 | ||
|---|---|---|---|
| 008 | 210210b2008 xxu||||| |||| 00| 0 eng d | ||
| 041 | _aeng | ||
| 082 | _a362.83 NADW | ||
| 100 | _aNADAGOUDAR (Suresh V) | ||
| 245 | _aWorking womens rights | ||
| 260 |
_aBangalore _bNot Mentioned _c2008 |
||
| 300 | _a59 | ||
| 650 | _aWorking | ||
| 650 | _awomen | ||
| 650 | _as | ||
| 650 | _arights | ||
| 690 | _aWomen Studies | ||
| 906 | _a065362 | ||
| 999 |
_c142533 _d142533 |
||